000 002760000a22000970004500
100 1 _aDeCarvalho, Levi T.
245 1 0 _aWhat's wrong with the label "Managerial missiology"
300 _aVol.24, núm.4 (July-August, 2002), Página 15
773 0 _tMission Frontiers
942 _cANA
999 _c60397
_d60397